[Event "GER-chT U12 Girls"]
[Site "Berlin"]
[Date "2022.12.28"]
[Round "5.8"]
[White "Pogorzelczyk, Lena"]
[Black "Halas, Neele Zoe"]
[Result "0-1"]
[WhiteElo "942"]
[BlackElo "1413"]
[PlyCount "140"]
[EventDate "2022.12.26"]
[EventType "team-swiss"]
[EventRounds "7"]
[EventCountry "GER"]
[SourceTitle "EXT 2024"]
[Source "ChessBase"]
[SourceDate "2023.10.10"]
[SourceVersion "1"]
[SourceVersionDate "2023.10.10"]
[SourceQuality "1"]
[WhiteTeam "Heiden"]
[BlackTeam "Leipzig SG"]
[WhiteTeamCountry "GER"]
[BlackTeamCountry "GER"]

1. e4 e5 2. Nf3 Nc6 3. Bc4 Be7 4. c3 Nf6 5. d3 0-0 6. Be3 a6 7. 0-0 d6 8. h3 Na5 9. Nbd2 Nxc4 10. Nxc4 Be6 11. b3 h6 12. Ncd2 Re8 13. Rc1 Bf8 14. c4 c5 15. a3 Qa5 16. a4 Nd7 17. Rb1 Nb8 18. Qe2 Nc6 19. Rfc1 Nb4 20. Rb2 g6 21. Nb1 Bg7 22. Bd2 Qb6 23. Qe3 Kh7 24. Bxb4 Qxb4 25. Nh2 f5 26. g4 fxe4 27. Qxe4 Rf8 28. h4 Rf4 29. Qe2 Raf8 30. Rf1 Bd7 31. f3 e4 32. dxe4 Bxb2 33. Qxb2 Qb6 34. Qc2 Bc6 35. e5 dxe5 36. Nc3 Bxf3 37. Rxf3 Rxf3 38. Nxf3 Rxf3 39. h5 Rg3+ 40. Kf2 Rxg4 41. Qe2 Qf6+ 42. Ke1 Rg1+ 43. Kd2 Qf4+ 44. Kd3 Qg3+ 45. Qe3 Qxe3+ 46. Kxe3 Rg3+ 47. Kd2 Rxc3 48. Kxc3 gxh5 49. Kd3 Kg6 50. Ke3 Kf5 51. Kf3 e4+ 52. Kg3 Kg5 53. a5 h4+ 54. Kh3 e3 55. Kg2 Kg4 56. Kf1 h3 57. b4 cxb4 58. c5 Kf3 59. c6 bxc6 60. Ke1 h2 61. Kd1 h1Q+ 62. Kc2 Qg2+ 63. Kb3 e2 64. Kxb4 Qg4+ 65. Kc5 Qf5+ 66. Kb6 Qb5+ 67. Kc7 e1R 68. Kd7 Qb7+ 69. Kd6 Rd1+ 70. Kc5 Qb5# 0-1